Rivières françaises moins connues sur une carte - Map Quiz - Statistiques

Statistiques générales
  • Ce quiz a été pris 65 fois
  • Le résultat moyen est 13 sur 25
Réponses sur la Carte
Les réponses sont colorées sur une échelle allant du rouge au vert en fonction du pourcentage des utilisateurs qui les ont devinées à leur premier essai. Vous pouvez retrouver ces pourcentages ci-dessous.
 
Statistiques - réponses
Réponse % Correct
Durance
88%
Escaut
85%
Sèvre Nantaise
83%
Sèvre Niortaise
83%
Tavignano
79%
Gave d'Oloron
75%
Maroni
73%
Ill
69%
Loir
69%
Têt
69%
Vire
69%
Aulne
52%
Rance
50%
Orb
44%
Argens
38%
Truyère
38%
Lys
35%
Cere
33%
Isle
31%
Save
31%
Ognon
29%
Andelle
25%
Armançon
23%
Dronne
21%
Sauldre
21%
Aucun quiz correspondant
Distribution des résultats
% des personnes avec chaque résultat
Percentile par nombre de réponses
Votre historique - résultats
Vous n’avez pas pris ce quiz